| 000 | 00914nas a2200313 4500 | ||
|---|---|---|---|
| 001 | BR0404597 | ||
| 003 | BR-BrBNA | ||
| 005 | 20231205104902.0 | ||
| 007 | ta | ||
| 008 | 230509b bl.|||p| |||| 00| 00por d | ||
| 040 |
_aBR-BrBNA _bpor _cBiblioteca Nacional de Agricultura |
||
| 041 | _a(Pt) | ||
| 072 | _aL70 | ||
| 100 | 1 | _aMartins, M.R. | |
| 100 | 1 | _aDaleck, C.R. | |
| 100 | 1 | _aCosta Neto, J.M. | |
| 100 | 1 | _aEurides, D. | |
| 100 | 1 | _aMotta, F.R. | |
| 245 | 1 | _aImplante de cartilagem auricular de bovino, conservado em glicerina no pavilhão auricular de cães; relato de caso | |
| 650 | _aCÃO | ||
| 650 | _aPASTOR ALEMÃO | ||
| 650 | _aLESÃO | ||
| 650 | _aCIRURGIA | ||
| 650 | _aCARTILAGEM | ||
| 650 | _aBOVINO | ||
| 773 | 0 |
_tHora Veterinária (Brazil) _xISSN 0101-9163 _g(May-Jun 2004), v. 24(139) p. 48-51 _wBR0404597 |
|
| 909 |
_a202311 _bLúcia _c55 _dLúcia Elande |
||
| 942 |
_2AGRIS _n0 _cANA |
||
| 999 |
_c180131 _d180131 |
||